000 00356nam a2200145Ia 4500
008 230917s9999||||xx |||||||||||||| ||und||
040 _e30439
_aMAIN
041 _aEnglish
082 _a301.04 H114H
100 _aOuthwaite, William ,ed.
245 0 _aHabermas reader
260 _aCambridge
_bPolity press
_c1996
300 _avii, 387 p.
942 _cBK
999 _c100605
_d100605